Freguesias de Portugal começadas por "Oliveira do ..." - Statistics

Estatísticas Gerais
  • Esse quiz foi jogado 18 vezes
  • A pontuação média é 4 de 8
Estatísticas das Respostas
Distrito Freguesia % Correto
Coimbra

Oliveira do {Hospital}

88%
Aveiro

Oliveira de {Azeméis}

71%
Aveiro

Oliveira do {Bairro}

65%
Porto

Oliveira do {Douro}

47%
Viseu

Oliveira do {Douro}

47%
Viseu

Oliveira de {Frades}

35%
Coimbra

Oliveira do {Mondego}

24%
Viseu

Oliveira do {Conde}

18%
Nenhum quiz correspondente encontrado
Distribuição das Pontuações
Porcentagem de Pessoas com Cada Pontuação
Percentil de Números Respondidos
Sua Pontuação Histórica
Você não jogou esse quiz